000
00319nam a2200121Ia 4500
008
230524s9999 xx 000 0 und d
100
_a
Michael Negnevitsky
245
0
_a
Artificial Intelligence: A Guide to Intelligent Systems
260
_b
Pearson
500
_a
Quantity Number: 7
650
_a
Comp-Sc
942
_c
BK
999
_c
50238
_d
50238